Desarrollo de estrategias para el incremento del consumo de pescados y mariscos provenientes de la acuicultura de Colombia, como alternativa viable de comercialización en el mercado doméstico (Registro nro. 8249)

Detalles MARC
000 -CABECERA
Campo de control 00828nam a22001937a 4500
005 - FECHA Y HORA DE LA ULTIMA TRANSACCION
Campo de control 20141105120826.0
008 - ELEMENTOS DE LONGITUD FIJA—INFORMACION GENERAL
Campo de control 140310b2013 ck |||||r|||| 00| 0 spa d
020 ## - ISBN
ISBN 9789585797420
041 ## - IDIOMA
Código de idioma para texto/pista de sonido o título separado Español
044 ## - PAÍS DE PUBLICACIÓN
País de publicación Colombia
082 ## - NUMERO DE CLASIFICACION DECIMAL DEWEY
Número de clasificación 664.94
Número del ítem A926d
110 10 - ASIENTO PRINCIPAL--NOMBRE CORPORATIVO
Nombre corporativo o de jurisdicción como elemento de entrada Autoridad Nacional de Acuicultura y Pesca - AUNAP
245 10 - MENCION DE TITULO
Título Desarrollo de estrategias para el incremento del consumo de pescados y mariscos provenientes de la acuicultura de Colombia, como alternativa viable de comercialización en el mercado doméstico
260 ## - PUBLICACION, DISTRIBUCION, ETC. (PIE DE IMPRENTA)
Lugar de publicación, distribución, etc. Bogotá
Nombre del editor, distribuidor, etc. Autoridad Nacional de Acuicultura y Pesca - AUNAP
-- Ministerio de Agricultura y Desarrollo Rural
-- FAO
-- Fedeacua
Fecha de publicación, distribución, etc. 2013
300 ## - DESCRIPCION FISICA
Extensión 127 p.
Otros detalles físicos tablas
Dimensiones 28 cm.
650 #4 - ASIENTO SECUNDARIO DE MATERIA - TERMINO TEMATICO
Término temático o nombre geográfico como elemento de entrada Consumo de pescado
Subdivisión geográfica Colombia
650 #4 - ASIENTO SECUNDARIO DE MATERIA - TERMINO TEMATICO
Término temático o nombre geográfico como elemento de entrada Pescado
Subdivisión geográfica Colombia
Subdivisión general comercio
942 ## - ELEMENTOS ADICIONALES (KOHA)
Sistema de clasificación Dewey Decimal Classification
Tipo de ítem Libro
Existencias
Withdrawn status Lost status Sistema de Clasificación Damaged status No para préstamo Colección Inventariado Ubicación Permanente Ubicación actual Fecha de adquisición Fuente de Valor Valor Total Checkouts Número topográfico Inventario / Código de Barras Date last seen Ejemplar Price effective from Forma de adquisición Tipo de material
    Dewey Decimal Classification     General Inventariado 2017 Bogotá Bogotá 10/03/2014 Instituto 39000.00   LB-664.94 A926d 059941 21/05/2014 Ej. 1 10/03/2014 Canje Libro